Etudes sur les réformateurs ou socialistes modernes / (Record no. 163410)

MARC details
000 -LEADER
campo de control de longitud fija 00947nam a2200217 i 4500
001 - NÚMERO DE CONTROL
campo de control 163410
003 - IDENTIFICADOR DE NÚMERO DE CONTROL
campo de control ES-MaACL
005 - FECHA Y HORA DE LA ÚLTIMA TRANSACCIÓN
campo de control 20251015063143.0
008 - DATOS DE LONGITUD FIJA--INFORMACIÓN GENERAL
campo de control de longitud fija 050712s1864 fr |||| | fre d
040 ## - FUENTE DE CATALOGACIÓN
Centro catalogador/agencia de origen CAM
Lengua de catalogación spa
Centro/agencia transcriptor CAM
100 1# - ENTRADA PRINCIPAL--NOMBRE DE PERSONA
Nombre de persona Reybaud, Louis,
Fechas asociadas al nombre 1799-1879
9 (RLIN) 131751
245 10 - MENCIÓN DEL TÍTULO
Título Etudes sur les réformateurs ou socialistes modernes /
Mención de responsabilidad, etc. par Louis Reybaud.
250 ## - MENCION DE EDICION
Mención de edición 7e éd.
260 ## - PUBLICACIÓN, DISTRIBUCIÓN, ETC.
Lugar de publicación, distribución, etc. Paris :
Nombre del editor, distribuidor, etc. Guillaumin et c\pie\s éditeurs,
Fecha de publicación, distribución, etc. 1864 (
Fabricante Imp. de L. Toinon et c\pe\s)
300 ## - DESCRIPCIÓN FÍSICA
Extensión 2 v. ;
Dimensiones 18 cm.
505 8# - NOTA DE CONTENIDO CON FORMATO
Nota de contenido con formato Contiene: 1e partie ;
Título Saint-Simon, Charles Fourier, Robert Owen, Auguste Comte et la philosophie positive (IV, 472 p.) - 2e partie ;
-- La société et le socialisme, les communistes, les chartistes, les utilitaire, les humanitaires, les mormons (453 p.)
650 #7 - PUNTO DE ACCESO ADICIONAL DE MATERIA--TÉRMINO DE MATERIA
Término de materia o nombre geográfico como elemento de entrada Socialismo
Fuente del encabezamiento o término embne
9 (RLIN) 17147
752 ## - ENTRADA AGREGADA--NOMBRE JERÁRQUICO DEL LUGAR
País o entidad superior Francia -
Ciudad París
852 ## - LOCALIZACIÓN
Ubicación ES-MaACL
Número de control de estantería F-13297-98
Nota libre - Enc. hol.
Holdings
Estatus retirado Estado de pérdida Estado de daño No para préstamo Colección Biblioteca de origen Biblioteca actual Ubicación en estantería Fecha de adquisición Total de préstamos Signatura topográfica completa Código de barras Visto por última vez Precio de reemplazo Tipo de ítem Koha
        Libros del s. XIX Biblioteca del Ateneo de Madrid Biblioteca del Ateneo de Madrid Sala Pecera Planta 2 17/01/2008   F-13297-98 1171239 23/02/2023 23/02/2023 Libro impreso antiguo